000 00550nam a2200169Ia 4500
003 GCL
008 140319s9999 xx 000 0 ara d
040 _aGCL /
_cGCL
082 0 4 _a813.01
_bم ا
100 1 _aمصطفى عبدالوهاب
245 1 0 _aاحزان عبدالجليل افندى: قصص قصيرة /
_cمصطفى عبدالوهاب
300 _a160 ص
490 _aالهيئة العامة للاستعلامات
_v0
650 0 4 _aالادب العربى
650 0 4 _aالقصص العربية القصيرة
942 _2ddc
_cBK
999 _c46906
_d46906